Music Quiz

Random Music or Rock Quiz

Label the Drum Kit Quiz Stats

 Plays Quiz Updated Aug 13, 2016

Also try: Famous Drummers
Challenge
Share
Tweet
Score 0/7 Timer 02:00
0 Plays Today
% Correct
Bass Drum
94.1%
Snare Drum
92.2%
Hi-Hat Cymbal
80.6%
Tom-Toms
70.4%
Crash Cymbal
64.3%
Ride Cymbal
52.6%
Floor Tom
47.3%

You're not logged in!

Compare scores with friends on all Sporcle quizzes.
Join for Free
OR
Log In

You Might Also Like...

Show Comments

Extras

Top Quizzes Today


Score Distribution

Your Account Isn't Verified!

In order to create a playlist on Sporcle, you need to verify the email address you used during registration. Go to your Sporcle Settings to finish the process.

Report this User

Report this user for behavior that violates our Community Guidelines.

Details: